000
00234nam a2200085Ia 4500
008
120527s9999 xx 000 0 und d
100
_a
ARNOLD, S.David
245
_a
Public official association and state and local government
942
_c
BK
999
_c
25088
_d
25088